<?xml version="1.0" encoding="UTF-8"?>
<record
    xmlns:xsi="http://www.w3.org/2001/XMLSchema-instance"
    xsi:schemaLocation="http://www.loc.gov/MARC21/slim http://www.loc.gov/standards/marcxml/schema/MARC21slim.xsd"
    xmlns="http://www.loc.gov/MARC21/slim">

  <leader>00446nam a2200145Ia 4500</leader>
  <controlfield tag="008">230519s9999    xx            000 0 und d</controlfield>
  <datafield tag="020" ind1=" " ind2=" ">
    <subfield code="a">978-93-92242-01-4</subfield>
  </datafield>
  <datafield tag="041" ind1=" " ind2=" ">
    <subfield code="a">eng</subfield>
  </datafield>
  <datafield tag="082" ind1=" " ind2=" ">
    <subfield code="a">PA/616.07/BAN/DB0967</subfield>
  </datafield>
  <datafield tag="100" ind1=" " ind2=" ">
    <subfield code="a">Bansal Rimpi &amp; Kaur Davinder</subfield>
    <subfield code="9">180572</subfield>
  </datafield>
  <datafield tag="245" ind1=" " ind2=" ">
    <subfield code="a">Textbook of Pathology and Genetics for BSc Nursing Students</subfield>
  </datafield>
  <datafield tag="260" ind1=" " ind2=" ">
    <subfield code="b">Vision Health Sciences Publishers</subfield>
    <subfield code="a">Panjab</subfield>
    <subfield code="c">2021</subfield>
  </datafield>
  <datafield tag="300" ind1=" " ind2=" ">
    <subfield code="a">352p</subfield>
  </datafield>
  <datafield tag="999" ind1=" " ind2=" ">
    <subfield code="c">159551</subfield>
    <subfield code="d">159551</subfield>
  </datafield>
  <datafield tag="952" ind1=" " ind2=" ">
    <subfield code="0">0</subfield>
    <subfield code="1">0</subfield>
    <subfield code="2">ddc</subfield>
    <subfield code="4">0</subfield>
    <subfield code="7">0</subfield>
    <subfield code="a">BTIN</subfield>
    <subfield code="b">BTIN</subfield>
    <subfield code="d">2022-04-16</subfield>
    <subfield code="g">725.00</subfield>
    <subfield code="i">55</subfield>
    <subfield code="l">11</subfield>
    <subfield code="m">13</subfield>
    <subfield code="o">PA 616.07 BAN DB0967</subfield>
    <subfield code="p">BTIN-DB-967</subfield>
    <subfield code="q">2026-04-06</subfield>
    <subfield code="r">2026-03-02 16:23:56</subfield>
    <subfield code="s">2026-03-02</subfield>
    <subfield code="w">2022-04-16</subfield>
    <subfield code="y">DB</subfield>
    <subfield code="z">DB0967</subfield>
  </datafield>
  <datafield tag="952" ind1=" " ind2=" ">
    <subfield code="0">0</subfield>
    <subfield code="1">0</subfield>
    <subfield code="4">0</subfield>
    <subfield code="7">0</subfield>
    <subfield code="8">PA</subfield>
    <subfield code="a">BTIN</subfield>
    <subfield code="b">BTIN</subfield>
    <subfield code="d">2022-11-30</subfield>
    <subfield code="g">695.00</subfield>
    <subfield code="i">55</subfield>
    <subfield code="l">5</subfield>
    <subfield code="m">4</subfield>
    <subfield code="o">PA 616.07 BAN DB1057</subfield>
    <subfield code="p">BTIN-DB-1057</subfield>
    <subfield code="q">2026-04-06</subfield>
    <subfield code="r">2026-03-02 14:45:40</subfield>
    <subfield code="s">2026-03-02</subfield>
    <subfield code="w">2022-04-16</subfield>
    <subfield code="y">DB</subfield>
    <subfield code="z">DB1057</subfield>
  </datafield>
  <datafield tag="952" ind1=" " ind2=" ">
    <subfield code="0">0</subfield>
    <subfield code="1">0</subfield>
    <subfield code="2">ddc</subfield>
    <subfield code="4">0</subfield>
    <subfield code="7">0</subfield>
    <subfield code="a">BTIN</subfield>
    <subfield code="b">BTIN</subfield>
    <subfield code="d">2024-02-13</subfield>
    <subfield code="g">695.00</subfield>
    <subfield code="i">68</subfield>
    <subfield code="l">19</subfield>
    <subfield code="m">22</subfield>
    <subfield code="o">PA 616.07 BAN DB1235</subfield>
    <subfield code="p">BTIN-DB-1235</subfield>
    <subfield code="q">2026-04-06</subfield>
    <subfield code="r">2026-03-02 16:00:45</subfield>
    <subfield code="s">2026-03-02</subfield>
    <subfield code="w">2024-02-14</subfield>
    <subfield code="y">DB</subfield>
    <subfield code="z">DB1235</subfield>
  </datafield>
  <datafield tag="952" ind1=" " ind2=" ">
    <subfield code="0">0</subfield>
    <subfield code="1">0</subfield>
    <subfield code="2">ddc</subfield>
    <subfield code="4">0</subfield>
    <subfield code="7">0</subfield>
    <subfield code="a">SNCN</subfield>
    <subfield code="b">SNCN</subfield>
    <subfield code="d">2024-05-24</subfield>
    <subfield code="e">Donated by Ms. Ayushi Alone, Nagpur</subfield>
    <subfield code="g">725.00</subfield>
    <subfield code="i">IK#2024-25#00021</subfield>
    <subfield code="l">26</subfield>
    <subfield code="m">2</subfield>
    <subfield code="o">616.07/ BAN</subfield>
    <subfield code="p">SNCN-DB-196</subfield>
    <subfield code="q">2026-04-18</subfield>
    <subfield code="r">2026-03-09 16:29:56</subfield>
    <subfield code="s">2026-03-09</subfield>
    <subfield code="v">725.00</subfield>
    <subfield code="w">2024-05-22</subfield>
    <subfield code="y">DB</subfield>
    <subfield code="z">DB-196</subfield>
  </datafield>
  <datafield tag="952" ind1=" " ind2=" ">
    <subfield code="0">0</subfield>
    <subfield code="1">0</subfield>
    <subfield code="2">ddc</subfield>
    <subfield code="4">0</subfield>
    <subfield code="7">0</subfield>
    <subfield code="a">BTIN</subfield>
    <subfield code="b">BTIN</subfield>
    <subfield code="d">2025-06-04</subfield>
    <subfield code="g">725.00</subfield>
    <subfield code="i">IK#2025-26#550</subfield>
    <subfield code="l">8</subfield>
    <subfield code="m">9</subfield>
    <subfield code="o">PA 616.07 BAN DB1345</subfield>
    <subfield code="p">BTIN-DB-1345</subfield>
    <subfield code="q">2026-04-06</subfield>
    <subfield code="r">2026-03-02 14:43:29</subfield>
    <subfield code="s">2026-03-02</subfield>
    <subfield code="w">2025-06-04</subfield>
    <subfield code="y">DB</subfield>
    <subfield code="z">DB1345</subfield>
  </datafield>
</record>
